Blood transfusion therapy a physician's handbook
Bewaard in:
| Formaat: | Boek |
|---|---|
| Taal: | Undetermined |
| Gepubliceerd in: |
U.S.A.
American Association of Blood Banks
1983
|
| Onderwerpen: | |
| Tags: |
Voeg label toe
Geen labels, Wees de eerste die dit record labelt!
|
| Thư viện lưu trữ: | Trung tâm Học liệu Trường Đại học Cần Thơ |
|---|
| LEADER | 00449nam a2200157Ia 4500 | ||
|---|---|---|---|
| 001 | CTU_45924 | ||
| 008 | 210402s9999 xx 000 0 und d | ||
| 082 | |a 616.15 | ||
| 082 | |b B655 | ||
| 245 | 0 | |a Blood transfusion therapy | |
| 245 | 2 | |b a physician's handbook | |
| 260 | |a U.S.A. | ||
| 260 | |b American Association of Blood Banks | ||
| 260 | |c 1983 | ||
| 650 | |a blood - diseases,hematology | ||
| 980 | |a Trung tâm Học liệu Trường Đại học Cần Thơ | ||